<?xml version='1.0' encoding='UTF-8'?>
  <record xmlns="http://www.loc.gov/MARC21/slim">
    <leader>00000cam a22000007i 4500</leader>
    <controlfield tag="001">ocm66876059</controlfield>
    <controlfield tag="003">OCoLC</controlfield>
    <controlfield tag="005">20250720175548.1</controlfield>
    <controlfield tag="008">031214s1502    ne            000 0 lat d</controlfield>
    <datafield tag="040" ind1=" " ind2=" ">
      <subfield code="a">NLGGC</subfield>
      <subfield code="b">dut</subfield>
      <subfield code="e">fobidrtb</subfield>
      <subfield code="c">NLGGC</subfield>
      <subfield code="d">OCLCO</subfield>
      <subfield code="d">OCLCL</subfield>
      <subfield code="d">OCLCQ</subfield>
    </datafield>
    <datafield tag="029" ind1="0" ind2=" ">
      <subfield code="a">NLGGC</subfield>
      <subfield code="b">258034769</subfield>
    </datafield>
    <datafield tag="035" ind1=" " ind2=" ">
      <subfield code="a">(OCoLC)66876059</subfield>
    </datafield>
    <datafield tag="041" ind1="1" ind2=" ">
      <subfield code="a">lat</subfield>
      <subfield code="h">grc</subfield>
    </datafield>
    <datafield tag="100" ind1="0" ind2=" ">
      <subfield code="a">Lucianus,</subfield>
      <subfield code="c">Samosatenus,</subfield>
      <subfield code="d">ca. 120-ca. 180.</subfield>
      <subfield code="1">https://id.oclc.org/worldcat/entity/E39PCjrpyXktG74HdrMxQkRpCP</subfield>
    </datafield>
    <datafield tag="245" ind1="1" ind2="0">
      <subfield code="a">Charon de greco in latinum translatus.</subfield>
    </datafield>
    <datafield tag="246" ind1="3" ind2=" ">
      <subfield code="a">Charon</subfield>
    </datafield>
    <datafield tag="246" ind1="3" ind2=" ">
      <subfield code="a">Inter Charonem et Mercurium dialogus</subfield>
    </datafield>
    <datafield tag="260" ind1=" " ind2=" ">
      <subfield code="a">[Deventer :</subfield>
      <subfield code="b">Jacobus de Breda],</subfield>
      <subfield code="c">[ca. 1502]</subfield>
    </datafield>
    <datafield tag="300" ind1=" " ind2=" ">
      <subfield code="a">[6] fol. ;</subfield>
      <subfield code="c">in-4.</subfield>
    </datafield>
    <datafield tag="336" ind1=" " ind2=" ">
      <subfield code="a">tekst</subfield>
      <subfield code="b">txt</subfield>
      <subfield code="2">rdacontent/dut</subfield>
    </datafield>
    <datafield tag="337" ind1=" " ind2=" ">
      <subfield code="a">zonder medium</subfield>
      <subfield code="b">n</subfield>
      <subfield code="2">rdamedia/dut</subfield>
    </datafield>
    <datafield tag="338" ind1=" " ind2=" ">
      <subfield code="a">band</subfield>
      <subfield code="b">nc</subfield>
      <subfield code="2">rdacarrier/dut</subfield>
    </datafield>
    <datafield tag="500" ind1=" " ind2=" ">
      <subfield code="a">Vertaald door Rinucius Aretinus.</subfield>
    </datafield>
    <datafield tag="500" ind1=" " ind2=" ">
      <subfield code="a">Gedateerd op basis van het papier: hetzelfde watermerk is te vinden in Nijhoff &amp; Kronenberg 455 and 2138, beide uit 1502. Niet voor 1500 gedateerd in Goff.</subfield>
    </datafield>
    <datafield tag="510" ind1="0" ind2=" ">
      <subfield code="a">Goff L323</subfield>
    </datafield>
    <datafield tag="510" ind1="0" ind2=" ">
      <subfield code="a">ILC A74</subfield>
    </datafield>
    <datafield tag="510" ind1="0" ind2=" ">
      <subfield code="a">Nijhoff &amp; Kronenberg 1403</subfield>
    </datafield>
    <datafield tag="510" ind1="0" ind2=" ">
      <subfield code="a">Hunt 4965</subfield>
    </datafield>
    <datafield tag="510" ind1="0" ind2=" ">
      <subfield code="a">GW M1900810</subfield>
    </datafield>
    <datafield tag="700" ind1="0" ind2=" ">
      <subfield code="a">Rinucius,</subfield>
      <subfield code="c">Aretinus,</subfield>
      <subfield code="d">15e eeuw.</subfield>
    </datafield>
    <datafield tag="710" ind1="0" ind2=" ">
      <subfield code="a">Breda, Jacobus de (Deventer)</subfield>
      <subfield code="4">prt</subfield>
      <subfield code="0">(NL-LeOCL)115210202</subfield>
    </datafield>
    <datafield tag="758" ind1=" " ind2=" ">
      <subfield code="a">Charon de greco in latinum translatus (Text)</subfield>
      <subfield code="1">https://id.oclc.org/worldcat/entity/E39PCFTCGcvccdYxcDBQqH9p8C</subfield>
      <subfield code="4">https://id.oclc.org/worldcat/ontology/hasWork</subfield>
    </datafield>
    <datafield tag="776" ind1="0" ind2=" ">
      <subfield code="t">Charon de greco in latinum translatus</subfield>
      <subfield code="w">(NL-LeOCL)377590711</subfield>
    </datafield>
    <datafield tag="856" ind1="4" ind2="2">
      <subfield code="y">Incunabula Short Title Catalogue</subfield>
      <subfield code="q">html</subfield>
      <subfield code="u">http://data.cerl.org/istc/il00323000</subfield>
      <subfield code="z">zie de beschrijving bij de ISTC voor volledige bibliografische verwijzingen en vindplaatsen wereldwijd</subfield>
      <subfield code="7">0</subfield>
    </datafield>
    <datafield tag="936" ind1=" " ind2=" ">
      <subfield code="a">BATCHLOAD</subfield>
    </datafield>
  </record>